Normal view
MARC view
- Mathur, Rambehari Lal .
Entry Personal Name
001 - CONTROL NUMBER
- control field: 1537
003 - CONTROL NUMBER IDENTIFIER
- control field: OSt
005 - DATE AND TIME OF LATEST TRANSACTION
- control field: 20160926124345.0
008 - FIXED-LENGTH DATA ELEMENTS
- fixed length control field: 160926|| aca||aabn | a|a d
040 ## - CATALOGING SOURCE
- Original cataloging agency: OSt
- Transcribing agency: OSt
100 ## - HEADING--PERSONAL NAME
- Personal name: Mathur, Rambehari Lal .
670 ## - SOURCE DATA FOUND
- Source citation: Work cat.: (OSt)6868: Mathur, Rambehari Lal ., Handbook of Cane Sugar Technology / , 1986.
